000 00586nam a2200229 a 4500
001 0001-1432
003 ELIB.Books
008 170321 2010 eng
020 _aKBTS
035 _a(ELIB.Books)0001-1587
092 _aThesis Klo
100 _aKlo Ka Nyaw, Saw.
245 _aA Brief Outlook on the Message of Jonah From Today Christian Perspective
260 _aKBTS
_bKBTS Library
_c2916
300 _c29.7 Cm
650 _aThesis
856 _nKBTS Library
_uKBTS: ELIB
942 _2ddc
_cBK
990 _a1
998 _cbat
_e2017-03-21
999 _c11432
_d11432